| 000 | 01335naa a22003497a 4500 | ||
|---|---|---|---|
| 001 | BR8901260 | ||
| 003 | BR-BrBNA | ||
| 005 | 20240918180434.0 | ||
| 007 | ta | ||
| 008 | 230509b bl.||||| |||| 00| 0 por d | ||
| 040 |
_aBR-BrBNA _bpor _cBiblioteca Nacional de Agricultura |
||
| 041 | _a(Pt) | ||
| 072 |
_aF06; P11; E11 _b/G514 |
||
| 090 | _aF06 BR8901260 | ||
| 100 | 1 | _aVieira, L.B. | |
| 100 | 1 | _aAndrade, S.G. | |
| 100 | 1 | _aRamos, M.M. | |
| 100 | 1 | _aMantovani, E.C. | |
| 111 | 1 |
_a16. Congresso Brasileiro de Engenharia Agricola _cJundiai, SP (Brazil) _d13-17 Jul 1987 |
|
| 245 | 1 | _aAnalise operacional da implantacao de um projeto de sistematizacao em varzea | |
| 246 | 1 | _a[Operational analysis of land leveling project for agricultural purposes] | |
| 246 | 1 | _a[16th Brazilian Congress of Agricultural Engineering. Annals. v. 1] | |
| 260 | 3 |
_aSao Paulo, SP (Brasil): _c1987. |
|
| 500 | _a16. Congresso Brasileiro de Engenharia Agricola. Anais. v. 1 Sao Paulo, SP (Brasil): 1987. p. 63-71 (BR8901260-AM)F06 | ||
| 650 | _aIRRIGACAO | ||
| 650 | _aDRENAGEM | ||
| 650 | _aPROJETO AGRICOLA | ||
| 650 | _aMINAS GERAIS | ||
| 773 | 0 |
_t16. Congresso Brasileiro de Engenharia Agricola. Anais. v. 1 _wF06 BR8901260 _gSao Paulo, SP (Brasil), 1987. p. 63-71 |
|
| 909 |
_a202404 _bLucia _c55 _dLucia Elande |
||
| 942 |
_cAM _2AGRIS |
||
| 999 |
_c320374 _d320374 |
||